| 000 | 00338 a2200145 4500 | ||
|---|---|---|---|
| 999 |
_c325419 _d325419 |
||
| 001 | 90346 | ||
| 003 | NUST | ||
| 082 | _a813.6 HOS | ||
| 100 |
_aHosseini Khaled _93702 |
||
| 245 |
_aAnd The Mountains Echoed _hEnglish |
||
| 250 | _a1st | ||
| 260 |
_aNew York _bBlooms Bury _c2013 |
||
| 300 | _a404p | ||
| 500 | _aGeneral Books | ||
| 942 |
_aCAE NUST _cBK _k813.6 HOS _2ddc |
||